Sports Quiz

Random Sports or Baseball Quiz

MLB All-Star Third Baseman (NL) Quiz Stats

 Plays Quiz Updated Jul 16, 2019

Score 0/90 Timer 10:00
0 Plays Today
Year Name % Correct
1996Chipper Jones
93.4%
1998Chipper Jones
93.4%
2000Chipper Jones
93.4%
2001Chipper Jones
93.4%
2008Chipper Jones
93.4%
1950Willie Jones
92.6%
2006David Wright
92.4%
2007David Wright
92.4%
2009David Wright
92.4%
2013David Wright
91.3%
2010David Wright
90.7%
1979Mike Schmidt
88%
1981Mike Schmidt
88%
1982Mike Schmidt
88%
1983Mike Schmidt
88%
1984Mike Schmidt
88%
1986Mike Schmidt
88%
1987Mike Schmidt
88%
2019Nolan Arenado
85.2%
2016Kris Bryant
84.3%
2018Nolan Arenado
83.9%
2017Nolan Arenado
79.7%
2002Scott Rolen
78.2%
2003Scott Rolen
78.2%
2004Scott Rolen
78.2%
2012Pablo Sandoval
76.5%
2011Scott Rolen
76%
2005Aramis Ramirez
66.7%
1994Matt Williams
65.8%
1999Matt Williams
65.8%
Year Name % Correct
2014Aramis Ramirez
65.4%
1997Ken Caminiti
58.3%
1976Pete Rose
57.8%
1978Pete Rose
57.8%
1966Ron Santo
57.4%
1968Ron Santo
57.4%
1969Ron Santo
57.4%
1973Ron Santo
57.4%
1989Howard Johnson
56.2%
1995Vinny Castilla
53.1%
1992Terry Pendleton
53%
1953Eddie Mathews
52.5%
1955Eddie Mathews
52.5%
1959 (1)Eddie Mathews
52.5%
1960 (1)Eddie Mathews
52.5%
1960 (2)Eddie Mathews
52.5%
1961 (1)Eddie Mathews
52.5%
1961 (2)Eddie Mathews
52.5%
2015Todd Frazier
50.7%
1990Chris Sabo
49.9%
1991Chris Sabo
49.9%
1974Ron Cey
49.3%
1975Ron Cey
49.3%
1977Ron Cey
49.3%
1988Bobby Bonilla
42.7%
1993Gary Sheffield
37.1%
1971Joe Torre
36.6%
1972Joe Torre
36.6%
1956Ken Boyer
35.8%
1959 (2)Ken Boyer
35.8%
Year Name % Correct
1962 (1)Ken Boyer
35.8%
1962 (2)Ken Boyer
35.8%
1963Ken Boyer
35.8%
1964Ken Boyer
35.8%
1970Tony Perez
31.8%
1985Graig Nettles
24%
1965Dick Allen
22%
1967Dick Allen
22%
1934Pie Traynor
18.1%
1980Ken Reitz
15%
1933Pepper Martin
13.9%
1935Pepper Martin
13.9%
1938Stan Hack
10.6%
1939Stan Hack
10.6%
1941Stan Hack
10.6%
1943Stan Hack
10.6%
1937Arky Vaughan
9.6%
1942Arky Vaughan
9.6%
1958Frank Thomas
8.9%
1957Don Hoak
8.5%
1952Bobby Thomson
8.3%
1944Bob Elliott
6.5%
1951Bob Elliott
6.5%
1946Whitey Kurowski
4.7%
1948Andy Pafko
4.6%
1940Cookie Lavagetto
3.5%
1954Ray Jablonski
3.2%
1936Pinky Whitney
2.6%
1947Frankie Gustine
2.2%
1949Eddie Kazak
2.2%

You're not logged in!

Compare scores with friends on all Sporcle quizzes.
OR
Log In

Sporcle TV

Today on Sporcle TV


Watch our educational content, quiz creation guides, and fun videos on Sporcle TV.

Show Comments

Extras

Top Quizzes Today


Score Distribution

Your Account Isn't Verified!

In order to create a playlist on Sporcle, you need to verify the email address you used during registration. Go to your Sporcle Settings to finish the process.

Report this User

Report this user for behavior that violates our Community Guidelines.

Details: